banner-ar

معالجة البيانات الاخصائية فى البحوث التربوية باستخدام برنامج SPSS / (Record no. 61542)

MARC details
000 -الفاتح
حقل البيانات ثابتة الطول 00881nam a22002057a 4500
005 - وقت وتاريخ اخر تعامل مع التسجيلة
رقم الضبط 20240530110505.0
008 - عناصر البيانات ثابتة الطول - معلومات عامة
حقل البيانات ثابتة الطول 151005q199؟ ua adk g b 000 0 ara d
040 ## - مصدر الفهرسة
وكالة الفهرسة الأصلية EG-CaGPL
082 04 - رقم تصنيف ديوى العشرى
رقم الطبعة 21
رقم التصنيف 001.422\
رقم المادة م م
100 0# - المدخل الرئيسى - إسم شخصى
الإسم الشخصى محمد السيد على الكسبانى
245 10 - بيان العنوان
العنوان معالجة البيانات الاخصائية فى البحوث التربوية باستخدام برنامج SPSS /
بيان المسئوليه,etc محمد السيد على الكسبانى
260 ## - PUBLICATION, DISTRIBUTION, ETC. (IMPRINT)
تاريخ النشر أو التوزيع [199-] .
300 ## - الوصف المادى
التعداد 353 ص :
تفاصيل ماديه اخرى للوعاء ايض ؛
أبعاد الوعاء 32 سم .
504 ## - تبصرة ببليوجرافية
تبصرة ببليوجرافية,الخ يشتمل على ارجاعات ببليوجرافية
650 04 - المدخل الاضافى بالموضوع-مصطلح موضوعى
مصطلح موضوعي البيانات
التقسيم الفرعي العام معالجة الية
650 04 - المدخل الاضافى بالموضوع-مصطلح موضوعى
مصطلح موضوعي الاحصائيات
650 04 - المدخل الاضافى بالموضوع-مصطلح موضوعى
مصطلح موضوعي البيانات ، احصاء
التقسيم الفرعي العام معالجة الية
650 04 - المدخل الاضافى بالموضوع-مصطلح موضوعى
مصطلح موضوعي SPSS
التقسيم الفرعي العام برامج حاسبات
942 ## - عناصر المدخل الإضافي( كوها)
مصدر التصنيف او مخطط الترفيف Dewey Decimal Classification
Koha [default] item type كتاب
260 ## - PUBLICATION, DISTRIBUTION, ETC. (IMPRINT)
-- الاسكندرية :
-- مؤسسة حورس الدولية ،
Holdings
حالة التراجع حالة الفقد حالة تلف ليس للاعارة المكان المؤقت الموقع الحالى تاريخ الاكتساب اجمالي اﻻعارات رقم الطلب الباركود تاريخ اخر مشاهدة تاريخ تفعيل السعر نوع وعاء كوها
        مكتبة القاهرة الكبرى مكتبة القاهرة الكبرى 10/05/2015   001.422\ م م 160865 10/05/2015 10/05/2015 كتاب

Powered By

EGPV